Dějiny NATO
Guardado en:
| Autor principal: | |
|---|---|
| Otros Autores: | |
| Formato: | Libro |
| Lenguaje: | checo |
| Publicado: |
Praha
PASEKA
1997
|
| Materias: | |
| Etiquetas: |
Sin Etiquetas, Sea el primero en etiquetar este registro!
|
MARC
| LEADER | 00000nam$a2200000$$$4500 | ||
|---|---|---|---|
| 001 | 0022213 | ||
| 005 | 20221129105947.7 | ||
| 020 | |a 80-7185-145-0 | ||
| 041 | 0 | |a cze | |
| 044 | |a CZ | ||
| 245 | 1 | 0 | |a Dějiny NATO |c Jiří Fidler, Petr Mareš |
| 264 | 1 | |a Praha |b PASEKA |c 1997 | |
| 300 | |a 243 s. | ||
| 610 | 2 | 0 | |a vojny |
| 610 | 2 | 0 | |a vojenstvo |
| 610 | 2 | 0 | |a armáda |
| 610 | 2 | 0 | |a história |
| 610 | 2 | 0 | |a konflikty medzinárodné |
| 610 | 2 | 0 | |a organizácie medzinárodné |
| 610 | 2 | 0 | |a prezidenti |
| 610 | 2 | 0 | |a zbrane |
| 610 | 2 | 0 | |a zbrojenie |
| 610 | 2 | 0 | |a dohody medzinárodné |
| 610 | 2 | 0 | |a USA |
| 610 | 2 | 0 | |a Európa |
| 610 | 2 | 0 | |a svet |
| 610 | 2 | 0 | |a NATO |
| 100 | 1 | |a Fidler, Jiří | |
| 700 | 1 | |a Mareš, Petr | |